top 25 countries that consume the most alcohol - Statistics

General Stats
  • This quiz has been taken 106 times
  • The average score is 14 of 25
Answer Stats
Liters Per Person Answer % Correct
12.2 Germany
91%
10.8 United Kingdom
88%
11.3 France
81%
10.9 Spain
81%
11.6 Poland
80%
11.7 Ireland
77%
17 Romania
69%
12 Austria
68%
10.5 Portugal
68%
13.3 Czech Republic
66%
11.9 Bulgaria
64%
10.6 Hungary
64%
10.6 Slovakia
63%
13.1 Latvia
61%
11.3 Estonia
60%
11.8 Lithuania
59%
11 Slovenia
59%
10.9 Belarus
55%
11.4 Moldova
51%
11.5 Luxembourg
42%
14.3 Georgia
33%
11.1 Andorra
28%
12.2 Uganda
14%
12 Seychelles
13%
11.5 Laos
5%
No matching quizzes found
Score Distribution
Percent of People with Each Score
Percentile by Number Answered
Your Score History
You have not taken this quiz